00598cam a2200181 450000500170000000800410001702000150005805000220007310000350009524500800013025000110021026000420022130000210026350400320028465000420031665000240035865000340038220250709123007.0030917s1993 Ag 000 0 spa u a950679115504aKHA1008bG37 19931 aGarrido Cordobera, Lidia M. R.14aLos daños colectivos y la reparación c / Lidia M. R. Garrido Cordobera a1a ed. aBuenos Aires :bUniversitaria, c1993 a236 p. ;c23 cm. aBibliografía : p. 225-236 72lembaDaños y perjuicioszArgentina 4aAgravioszArgentina 4aDaños colectivoszArgentina